| 000 | 00569nam a2200169Ia 4500 | ||
|---|---|---|---|
| 008 | 151018s9999 xx 000 0 und d | ||
| 082 |
_bRBASDV5371 _a891.464 |
||
| 100 | _aअप्पा पटवर्धन | ||
| 245 | _aअसे झाले पाहिजे | ||
| 260 | _bएकनाथ भगत | ||
| 300 | _a31 | ||
| 600 | _aअप्पा पटवर्धन | ||
| 630 | _aअसे झाले पाहिजे | ||
| 700 | _aअप्पा पटवर्धन | ||
| 730 | _aअसे झाले पाहिजे | ||
| 942 | _cBOOK | ||
| 999 |
_c1007754 _d1007751 |
||